000 00657nam a2200229Ia 4500
003 OSt
005 20220926043750.0
006 a|||||r|||| 00| 0
007 ta
008 220923b |||||||| |||| 00| 0 eng d
037 _cGeneral Book
040 _aRTL
_cRTL
_beng
041 _2eng
_aeng
082 _aT9(X:8).3,e, H9
100 _aHall Noel F
_9278057
245 0 _aStaff college in training for management
260 _c1949
490 _aBritish Institute Of Management, Winter Proceedings. 1
650 _aSpecific Group - Education
_9233065
942 _hT9(X:8).3,e, H9
_cGB
_2CC
999 _c673126
_d673126